| 000 | 00741nam a22002415a 4500 | ||
|---|---|---|---|
| 005 | 20161119104012.0 | ||
| 008 | 161031s2015 enka frb 001 0 eng d | ||
| 020 | _a9781138023611 | ||
| 020 | _a9781315776293 | ||
| 040 |
_aEG-ScBUE _beng _cEG-ScBUE _dEG-ScBUE |
||
| 082 | 0 | 4 |
_a332.41 _bDON _222 |
| 100 | 1 | _aDonovan, Paul. | |
| 245 | 1 | 4 |
_aThe truth about inflation / _cPaul Donovan. |
| 260 |
_aAbingdon : _bRoutledge / Taylor & Francis Group, _c2015. |
||
| 300 |
_axiii, 200 p. : _bill. ; _c25 cm. |
||
| 500 | _aIndex : p. 194-200. | ||
| 504 | _aBibliography : p. 188-193. | ||
| 590 | _aSuzan Ashmawy ; revised by Fouad. | ||
| 650 | 7 |
_aInflation _xFinance. _2BUEsh |
|
| 651 | _2BUEsh | ||
| 653 |
_bBUSECO _cOctober2016 |
||
| 942 | _2ddc | ||
| 999 |
_c22928 _d22900 |
||